Artistes du Boomin Fest - Statistiques

Statistiques générales
  • Ce quiz a été pris 7 fois
    6 depuis la dernière actualisation
  • Le résultat moyen est 15 sur 36
Statistiques - réponses
Hint Réponse % Correct
Nantes N°2 Hamza
83%
Nantes N°1 Josman
83%
Rennes N°3 2/2 Josman
83%
Rennes N°3 1/2 Kaaris
83%
Rennes N°1 Tiakola
83%
Nantes N°1 Tiakola
83%
Nantes N°3 Zola
83%
Nantes N°3 Bushi
67%
Nantes N°3 Jok'air
67%
Rennes N°2 NES
67%
Nantes N°3 Wallace Cleaver
67%
Rennes N°2 BB Jacques
50%
Nantes N°1 BB Jacques
50%
Nantes N°2 Dinos
50%
Rennes N°2 Freeze Corleone
50%
Nantes N°2 Luidji
50%
Nantes N°3 TH
50%
Rennes N°3 1/2 Yvnnis
50%
Rennes N°3 2/2 Houdi
33%
Rennes N°2 J9ueve
33%
Nantes N°1 TIF
33%
Nantes N°1 Coelho
17%
Nantes N°3 DJ Zayon
17%
Nantes N°2 Geavn
17%
Rennes N°3 1/2 Heskis
17%
Rennes N°3 2/2 H jeune crack
17%
Nantes N°1 ipndego
17%
Rennes N°3 1/2 Malo
17%
Rennes N°1 Mehdi Maizi
17%
Rennes N°1 Vadek
17%
Rennes N°2 Winnterzuko
17%
Rennes N°1 Zamdane
17%
Rennes N°3 2/2 Kyana
0%
Rennes N°1 Luv Resval
0%
Rennes N°1 Oboy
0%
Rennes N°3 2/2 Tim Armaria
0%
Aucun quiz correspondant
Distribution des résultats
% des personnes avec chaque résultat
Percentile par nombre de réponses
Votre historique - résultats
Vous n’avez pas pris ce quiz depuis la dernière actualisation